Hairstyles - Sudden Death - Statistics

General Stats
  • This quiz has been taken 461 times
  • The average score is 14 of 20
Answers on the Grid
Answers color-coded by a green-red scale on the quiz's grid according to % correct below.
Tomahawk
Pigtails
Mullet
Loaf
Bowl cut
Afro
Final cut
Wasp nest
Bun
Dreadlocks
Gnome cut
Pompadour
Monkeytail
Cornrows
Buzz cut
Ponytail
Pantaloon
Crew cut
Steve
Bob
Beehive
Mohawk
Pixie cut
Jheri curl
The Ross
Rattail
The Rachel
Mackerel
Flat top
Comb over
 
Answer Stats
Answer % Correct
Mullet
91%
Afro
90%
Pigtails
89%
Bowl cut
88%
Dreadlocks
84%
Bun
82%
Ponytail
82%
Buzz cut
81%
Mohawk
75%
Bob
74%
Comb over
74%
Pixie cut
74%
Cornrows
68%
Crew cut
68%
Flat top
65%
Rattail
59%
Beehive
50%
Pompadour
47%
Jheri curl
42%
The Rachel
42%
No matching quizzes found
Score Distribution
Percent of People with Each Score
Percentile by Number Answered
Your Score History
You have not taken this quiz